Statistics for Counties of California

Click here to take the quiz!

General Stats

  • This quiz has been taken 8 times
  • The average score is 29 of 58

Answer Stats

Answer% Correct
Los Angeles
100%
San Diego
100%
San Francisco
100%
Fresno
86%
Orange
86%
Sacramento
86%
San Bernardino
86%
Alameda
71%
Riverside
71%
Humboldt
57%
Imperial
57%
Inyo
57%
Kern
57%
Lake
57%
Napa
57%
Placer
57%
San Mateo
57%
Santa Clara
57%
Santa Cruz
57%
Sierra
57%
Sonoma
57%
Ventura
57%
Alpine
43%
Calaveras
43%
Colusa
43%
Del Norte
43%
El Dorado
43%
Glenn
43%
Kings
43%
Lassen
43%
Marin
43%
Mendocino
43%
Merced
43%
Modoc
43%
Mono
43%
Monterey
43%
Plumas
43%
San Joaquin
43%
Shasta
43%
Siskiyou
43%
Stanislaus
43%
Sutter
43%
Tehama
43%
Trinity
43%
Tuolumne
43%
Yolo
43%
Yuba
43%
Amador
29%
Butte
29%
Contra Costa
29%
Madera
29%
Mariposa
29%
San Benito
29%
Santa Barbara
29%
Solano
29%
Tulare
29%
San Louis Obispo
14%
Neveda
0%

Score Distribution

Percentile by Number Answered

Percent of People with Each Score

Your Score History

You have not taken this quiz